000 01854nam a2200277 4500
003 NALT
005 20251106134103.0
008 251029b th ||||| |||| 00| 0 tha d
020 _a9786168344323
040 _aNALT
090 _aKD 69
_bศ365ค 2568
110 2 _aสำนักงานศาลรัฐธรรมนูญ.
_bกองรัฐธรรมนูญต่างประเทศ
_965192
245 1 0 _aคำวินิจฉัยคดีรัฐธรรมนูญของศาลรัฐธรรมนูญหรือองค์กรเทียบเท่าของต่างประเทศ เล่มที่ 2 /
_cกองรัฐธรรมนูญต่างประเทศ สำนักงานศาลรัฐธรรมนูญ.
250 _aพิมพ์ครั้งที่ 1.
260 _aกรุงเทพฯ :
_bสำนักงานศาลรัฐธรรมนูญ,
_c2568.
300 _a 482 หน้า ;
_c21 ซม.
505 2 _aหมวดที่ 1 สิทธิพลเมือง -- หมวดที่ 2 สิทธิทางการเมือง -- หมวดที่ 3 สิทธิทางเศรษฐกิจ -- หมวดที่ 5 สิทธิทางวัฒนธรรม -- หมวดที่ 6 คดีรัฐธรรมนูญอื่น.
650 4 _aศาลรัฐธรรมนูญ
_950970
650 4 _aกฎหมายรัฐธรรมนูญ
_xการตีความ
_965202
653 4 _aคำวินิจฉัยศาลรัฐธรรมนูญ
942 _2local
_cLB
996 _ajidapa.t
_bACQSTF
_c2025-10-29
996 _avaree.k
_bLIBSTF
_c2025-11-04
996 _asaiphon.d
_bCATSTF
_c2025-11-06
999 _c107416
_d107416
998 _j104
_k นางสาวสายฝน ดีงาม